| 000 | 01025nam0a22002651 4500 | ||
|---|---|---|---|
| 001 | rc\808872 | ||
| 005 | 20260406201046.0 | ||
| 035 | _a(NLR Aleph) 005992377 | ||
| 090 |
_a7141525 _c7141525 |
||
| 100 | _a20041129d1983 |||y0rusy50 ca | ||
| 101 | 0 | _arus | |
| 102 | _aRU | ||
| 105 | _ay ||||||||| | ||
| 200 | 1 |
_aРазвитие социалистической культуры Чувашии _eНауч.-вспом. указ. лит. _f[Сост. Т.С. Сергеев] |
|
| 210 |
_aЧебоксары _cЧуваш. кн. изд-во _d1983 |
||
| 215 |
_a134 с. _d20 |
||
| 300 | _aВ надзаг.: Чуваш. респ. б-ка им. М. Горького | ||
| 700 | 1 |
_aСергеев _bТ.С. _gТихон Сергеевич |
|
| 712 | 0 | 2 |
_aЧувашская республиканская библиотека им. М. Горького _cЧебоксары _3RU\NLR\AUTH\889960655 _9417603 |
| 801 | 0 |
_aRU _bNLR _gpsbo |
|
| 801 | 1 |
_aRU _bELAR _2rusmarc |
|
| 852 |
_aNLR _bОНЛ |
||
| 942 | _cBOOK | ||
| 980 | _aNB | ||